000
00236nam a2200097Ia 4500
008
190216s9999||||xx |||||||||||||| ||und||
100
_a
Ulloor S Parameswara Aiyer
245
0
_a
Malayalam-Umakeralam
260
_b
Nbs Kottayam
942
_c
BK
999
_c
30334
_d
30334